Pingpong/ (Record no. 2434)

MARC details
000 -LEADER
campo de control de longitud fija 00475nam a22001697a 4500
003 - IDENTIFICADOR DE NÚMERO DE CONTROL
campo de control OSt
005 - FECHA Y HORA DE LA ÚLTIMA TRANSACCIÓN
campo de control 20221031163034.0
008 - DATOS DE LONGITUD FIJA--INFORMACIÓN GENERAL
campo de control de longitud fija 221031b |||||||| |||| 00| 0 eng d
040 ## - FUENTE DE CATALOGACIÓN
Centro/agencia transcriptor Biblioteca Lado V
082 ## - NÚMERO DE LA CLASIFICACIÓN DECIMAL DEWEY
Número de edición 708
Número de clasificación L864p
100 ## - ENTRADA PRINCIPAL--NOMBRE DE PERSONA
Nombre de persona Lopez, Mateo
Término indicativo de función/relación autor
9 (RLIN) 260
245 ## - MENCIÓN DEL TÍTULO
Título Pingpong/
260 ## - PUBLICACIÓN, DISTRIBUCIÓN, ETC.
Lugar de publicación, distribución, etc. Colombia
Nombre del editor, distribuidor, etc. Galería Casa Riegner
300 ## - DESCRIPCIÓN FÍSICA
Extensión 67p.
Dimensiones 21x25cm
700 ## - ENTRADA AGREGADA--NOMBRE PERSONAL
Nombre de persona Suarez Londoño, Jose Antonio
Término indicativo de función/relación autor
942 ## - ELEMENTOS DE ENTRADA SECUNDARIOS (KOHA)
Fuente del sistema de clasificación o colocación Clasificación Decimal Dewey
Tipo de ítem Koha Libros
Parte de la signatura que corresponde a la clasificación (Parte de la clasificación) 708
Parte de la signatura que identifica el ejemplar (Parte del ítem) L864p
Suprimir en OPAC No
Holdings
Estatus retirado Estado de pérdida Fuente del sistema de clasificación o colocación Estado de daño No para préstamo Biblioteca de origen Biblioteca actual Fecha de adquisición Número de inventario Total de préstamos Signatura topográfica completa Código de barras Visto por última vez Precio de reemplazo Tipo de ítem Koha
    Clasificación Decimal Dewey     Biblioteca LadoV Biblioteca LadoV 31/10/2022 001681   708 L864p 001681 31/10/2022 31/10/2022 Libros